000 01495nmm a2200493 a 4500
003 AR-BaBNM
005 20251128210145.0
008 049019s1993 ||||||||||||||000 | spa||
020 _a950-05-0724-7
040 _cAR-BaBNM
100 1 _aDíaz Usandivaras, Julio C.
245 1 0 _aCinco siglos de literatura en la Argentina
260 _aBuenos Aires
_bEdiciones Corregidor
_c1993
300 0 _a301 p.
500 0 _aContiene breve noticia sobre los colaboradores en p. 293
600 1 4 _aMiranda de Villafaña, Luis
600 1 4 _aBarco Centenera, Martín del
_d1535-1602
600 1 4 _aTejeda, Luis De
600 1 4 _aVarela, Juan Cruz
_d1794-1839
600 1 4 _aHernández, José
600 1 4 _aSastre, Marcos
600 1 4 _aEcheverría, Esteban
_d1805-1851
600 1 4 _aGutiérrez, Juan María
_d1809-1878
600 1 4 _aAlberdi, Juan Bautista
_d1810-1884
600 1 4 _aMansilla, Lucio V.
600 1 4 _aLugones, Leopoldo
_d1831-1913
600 1 4 _aBanchs, Enrique
600 1 4 _aFernández Moreno, Baldomero
600 1 4 _aMaziel, Juan Baltasar
_d1727-1788
650 4 _aROMANTICISMO
650 4 _aCRITICA LITERARIA
650 4 _aLITERATURA ARGENTINA
650 4 _aHISTORIA LITERARIA
650 4 _aANTOLOGIAS
650 4 _aESCRITORES
650 4 _aGENERACION DE 1880
650 4 _aLITERATURA CONTEMPORANEA
653 0 _aVANGUARDIAS LITERARIAS
653 0 _aCOSTUMBRISMO
653 0 _aMODERNISMO
655 _aLITERATURA
942 _cBK
998 _cMARTIN
999 _c14296
_d14296